000 00918nam a22002057a 4500
999 _c63262
_d63262
005 20250710104521.0
008 250710s2019 en ||||| |||| 00| 0 eng d
020 _a9780190640484 X
041 _aeng
080 _a342.4 A-30
100 _a Albert, Richard,
_925634
245 _aConstitutional amendments :
_bmaking, breaking, and changing constitutions /
_c Richard Albert.
264 _aNew York :
_bOxford University Press,
_c2019.
300 _ax, 338 pages ;
_b 25 cm.
521 _aIncludes bibliographical references (pages 273-321) and index
653 _aConstitutional amendments : making, breaking, and changing constitutions
653 _aკონსტიტუციური ცვლილებები: კონსტიტუციების შექმნა, დარღვევა და შეცვლა
653 _aსამართალი
942 _2udc
_cᲬᲘᲒᲜᲘ